<?xml version="1.0" encoding="UTF-8"?>
<record
    xmlns:xsi="http://www.w3.org/2001/XMLSchema-instance"
    xsi:schemaLocation="http://www.loc.gov/MARC21/slim http://www.loc.gov/standards/marcxml/schema/MARC21slim.xsd"
    xmlns="http://www.loc.gov/MARC21/slim">

  <leader>01513nam a2200265Ia 4500</leader>
  <datafield tag="952" ind1=" " ind2=" ">
    <subfield code="0">0</subfield>
    <subfield code="1">0</subfield>
    <subfield code="4">0</subfield>
    <subfield code="7">0</subfield>
    <subfield code="a">03</subfield>
    <subfield code="b">03</subfield>
    <subfield code="d">2014-11-25</subfield>
    <subfield code="l">10</subfield>
    <subfield code="o">LC3965 S36 2000</subfield>
    <subfield code="p">03 000480</subfield>
    <subfield code="r">2018-12-15</subfield>
    <subfield code="s">2018-12-15</subfield>
    <subfield code="t">1</subfield>
    <subfield code="w">2014-11-25</subfield>
    <subfield code="y">LB</subfield>
  </datafield>
  <datafield tag="952" ind1=" " ind2=" ">
    <subfield code="0">0</subfield>
    <subfield code="1">0</subfield>
    <subfield code="2">lcc</subfield>
    <subfield code="4">0</subfield>
    <subfield code="7">0</subfield>
    <subfield code="a">03</subfield>
    <subfield code="b">03</subfield>
    <subfield code="d">2017-01-20</subfield>
    <subfield code="l">1</subfield>
    <subfield code="o">LC3965  S36 2000</subfield>
    <subfield code="p">03 007188</subfield>
    <subfield code="r">2017-01-21</subfield>
    <subfield code="s">2017-01-21</subfield>
    <subfield code="t">2</subfield>
    <subfield code="w">2017-01-20</subfield>
    <subfield code="y">LB</subfield>
  </datafield>
  <datafield tag="952" ind1=" " ind2=" ">
    <subfield code="0">0</subfield>
    <subfield code="1">0</subfield>
    <subfield code="2">lcc</subfield>
    <subfield code="4">0</subfield>
    <subfield code="7">0</subfield>
    <subfield code="a">03</subfield>
    <subfield code="b">03</subfield>
    <subfield code="d">2017-07-14</subfield>
    <subfield code="l">3</subfield>
    <subfield code="o">LC3965  S36 2000</subfield>
    <subfield code="p">03 005784</subfield>
    <subfield code="r">2018-10-25</subfield>
    <subfield code="s">2018-10-25</subfield>
    <subfield code="t">3</subfield>
    <subfield code="w">2017-07-14</subfield>
    <subfield code="y">LB</subfield>
  </datafield>
  <datafield tag="999" ind1=" " ind2=" ">
    <subfield code="c">95163</subfield>
    <subfield code="d">95163</subfield>
  </datafield>
  <controlfield tag="005">20231102151752.0</controlfield>
  <controlfield tag="008">121028s2000    mx            000 0 spa d</controlfield>
  <datafield tag="020" ind1=" " ind2=" ">
    <subfield code="a">9684267681</subfield>
  </datafield>
  <datafield tag="050" ind1=" " ind2=" ">
    <subfield code="a">LC3965 </subfield>
    <subfield code="b">S36 2000</subfield>
  </datafield>
  <datafield tag="100" ind1="1" ind2="0">
    <subfield code="a">S&#xE1;nchez Escobedo, Pedro</subfield>
    <subfield code="e">autor</subfield>
  </datafield>
  <datafield tag="245" ind1="1" ind2="0">
    <subfield code="a">Compendio de Educaci&#xF3;n especial </subfield>
    <subfield code="c"> / Pedro A. S&#xE1;nchez Escobedo, Mary Beatriz Cant&#xF3;n May&#xED;n, Dora Esoeranza Sevilla Santo</subfield>
  </datafield>
  <datafield tag="260" ind1=" " ind2=" ">
    <subfield code="a">M&#xE9;xico </subfield>
    <subfield code="b"> : Manual Moderno</subfield>
    <subfield code="c">, 2000</subfield>
  </datafield>
  <datafield tag="300" ind1=" " ind2=" ">
    <subfield code="a">x, 240 p&#xE1;ginas</subfield>
  </datafield>
  <datafield tag="500" ind1=" " ind2=" ">
    <subfield code="a">Incluye: &#xED;ndice (pp.231-240)</subfield>
  </datafield>
  <datafield tag="504" ind1=" " ind2=" ">
    <subfield code="a">Referencias (pp.219-229)</subfield>
  </datafield>
  <datafield tag="505" ind1=" " ind2=" ">
    <subfield code="a">La eduacion especial 
Discapacidad: conceptos basicos 
Problemas de aprendizaje 
Transtorno por deficit de atencion con hiperactividad 
Retraso mental 
Transtornos del lenguaje 
Discapacidad auditiva 
Discapacidad visual
Discapacidad f&#xED;sica
Otras discapacidades
Desventaja sociocultural
Ni&#xF1;os con talentos especiales
Instrucci&#xF3;n especializada
Servicios y procedimientos
Orientaci&#xF3;n vocacional en educaci&#xF3;n especial
Perspecivas para el futuro en la educaci&#xF3;n especial
</subfield>
  </datafield>
  <datafield tag="519" ind1=" " ind2=" ">
    <subfield code="a">Plan Flexible /</subfield>
    <subfield code="b">Pedagog&#xED;a /</subfield>
    <subfield code="c">Sistemas de Educaci&#xF3;n Especial I  (P06-3) /</subfield>
    <subfield code="d">(03 000480)</subfield>
  </datafield>
  <datafield tag="519" ind1=" " ind2=" ">
    <subfield code="a">Plan Flexible /</subfield>
    <subfield code="b">Psicolog&#xED;a /</subfield>
    <subfield code="c">Educaci&#xF3;n Especial II (P15-1) /</subfield>
    <subfield code="d">(03 007188)</subfield>
  </datafield>
  <datafield tag="519" ind1=" " ind2=" ">
    <subfield code="a">Material Complementario /</subfield>
    <subfield code="d">(03 005784)</subfield>
  </datafield>
  <datafield tag="650" ind1="1" ind2="0">
    <subfield code="a">EDUCACI&#xD3;N ESPECIAL</subfield>
  </datafield>
  <datafield tag="650" ind1="2" ind2="0">
    <subfield code="a">NI&#xD1;OS CON DISCAPACIDAD</subfield>
    <subfield code="x">EDUCACI&#xD3;N</subfield>
  </datafield>
  <datafield tag="700" ind1=" " ind2=" ">
    <subfield code="a">Cant&#xF3;n May&#xED;n, Mary Beatriz</subfield>
    <subfield code="e">autor</subfield>
  </datafield>
  <datafield tag="700" ind1=" " ind2=" ">
    <subfield code="a">Sevilla Santo, Dora Esperanza</subfield>
    <subfield code="e">autor</subfield>
  </datafield>
  <datafield tag="942" ind1=" " ind2=" ">
    <subfield code="c">LB</subfield>
  </datafield>
</record>
